000 00477nam a2200181Ia 4500
001 22476
005 20260414150834.0
008 260414t2006||||xx |||||||||||||| ||spa||
041 _aESP
082 _a621.3815322
_bR63
100 _aRíos Gómez, Francisco Javier
_eAUT
245 0 _aSimulación de circuitos digitales con pspice student V.9.0.1
_b
260 _c2006
300 _a225 páginas :
_c24 cm.
650 _aTCA
654 _aCET
942 _cLIB
_dJUS
_fJUS
_2ddc
_n
999 _c22476
_d22476